000 00579nam a2200229Ia 4500
003 OSt
005 20220924151858.0
006 a|||||r|||| 00| 0
007 ta
008 220923b |||||||| |||| 00| 0 mar d
024 _a339421
037 _cTextual
040 _aARTS
_cARTS
_bmar
041 _2mar
_amar
082 _aB9v2, 155G1
100 _aDiksita K.S.B.)
_9225148
245 0 _aHistory of India astronomy
260 _c1931
650 _aMATHEMATICS
_92141
942 _hB9v2, 155G1
_cTEXL
_2CC
999 _c467909
_d467909